[Event "Deutsche Ländermeisterschaft 2016"]
[Site "Hannover GER"]
[Date "2016.10.04"]
[Round "6"]
[White "Nguyen, Ha Thanh"]
[Black "Dobrikov, Marco"]
[Result "1-0"]
[Termination "normal"]
[Board "5.6"]
[WhiteElo "1732"]
[BlackElo "1926"]
[WhiteClock "00:16:27"]
[BlackClock "00:42:29"]
[WhiteTeam "Thüringen"]
[BlackTeam "Baden 1"]
[PlyCount "101"]
[WhiteFideId "12942154"]
[BlackFideId "12950378"]
[EventCountry "GER"]
[EventRounds "7"]
[EventType "team-swiss"]
[EventDate "2016.09.30"]

1. e4 c5 2. Nf3 Nc6 3. d4 cxd4 4. Nxd4 e5 5. Nb5 d6 6. N1c3 a6 7. Na3 b5 8. Nd5
Nce7 9. c4 Nxd5 10. cxd5 Be7 11. Nc2 f5 12. exf5 Bxf5 13. Ne3 Bd7 14. Bd3 Nf6
15. O-O O-O 16. b3 g6 17. Be2 Rc8 18. Bb2 Qb6 19. Bf3 Rf7 20. Rc1 Bf8 21. Ng4
Bg7 22. Rxc8+ Bxc8 23. Ne3 Bb7 24. Ng4 Nd7 25. Qc1 Rf8 26. Ne3 Bh6 27. Ba3 Nf6
28. Rd1 e4 29. Be2 Nxd5 30. Bc5 dxc5 31. Nxd5 Bxd5 32. Qxh6 Qb7 33. Qe3 Rc8 34.
Bg4 Rc7 35. Be2 Qc6 36. a4 bxa4 37. Rxd5 axb3 38. Rd8+ Kg7 39. Qc3+ Kh6 40.
Qh3+ Kg7 41. Qxb3 c4 42. Qc3+ Kh6 43. Qe3+ Kg7 44. Qd4+ Kh6 45. Rd5 c3 46. g4
Qxd5 47. Qxd5 c2 48. g5+ Kg7 49. Qe5+ Kg8 50. Qxc7 c1=Q+ 51. Qxc1 1-0

[Event "Deutsche Ländermeisterschaft 2016"]
[Site "Hannover GER"]
[Date "2016.10.04"]
[Round "6"]
[White "Hartmann, Cora"]
[Black "Schulz, Theresa Charlotte"]
[Result "1-0"]
[Termination "normal"]
[Board "5.7"]
[WhiteElo "1868"]
[BlackElo "1604"]
[WhiteClock "00:40:21"]
[BlackClock "00:28:25"]
[WhiteTeam "Baden 1"]
[BlackTeam "Thüringen"]
[PlyCount "89"]
[WhiteFideId "16200764"]
[BlackFideId "12952206"]
[EventCountry "GER"]
[EventRounds "7"]
[EventType "team-swiss"]
[EventDate "2016.09.30"]

1. e4 c5 2. Nf3 g6 3. d3 Bg7 4. g3 Nc6 5. Bg2 Nf6 6. O-O O-O 7. Nbd2 d6 8. Re1
Bd7 9. c3 Qc8 10. Nf1 Bg4 11. Ne3 Bh5 12. h3 Bxf3 13. Qxf3 Ne5 14. Qe2 Nh5 15.
Nd5 Qd7 16. Be3 e6 17. Nf4 Nxf4 18. Bxf4 Rac8 19. Be3 Nc6 20. Qd2 Rc7 21. h4
Rfc8 22. Bh3 Ne5 23. Kg2 c4 24. d4 Nd3 25. Red1 f5 26. exf5 Qc6+ 27. Kg1 exf5
28. Bf1 Qb5 29. Rab1 f4 30. Bxf4 Nxf4 31. Qxf4 Qa6 32. a3 Rf8 33. Qe4 Qa5 34.
Bxc4+ Kh8 35. Bd5 b6 36. Re1 Qa4 37. Re2 Qd7 38. Rbe1 Qd8 39. Bb3 a6 40. Qd5 b5
41. Re6 Rd7 42. Qc6 Qc8 43. Qxc8 Rfd8 44. Qxd7 Rxd7 45. Re8+ 1-0

[Event "Deutsche Ländermeisterschaft 2016"]
[Site "Hannover GER"]
[Date "2016.10.04"]
[Round "6"]
[White "Reuter, Elisa"]
[Black "Basovskiy, Jana"]
[Result "0-1"]
[Termination "normal"]
[Board "5.8"]
[WhiteElo "1652"]
[BlackElo "1435"]
[WhiteClock "00:29:43"]
[BlackClock "00:25:10"]
[WhiteTeam "Thüringen"]
[BlackTeam "Baden 1"]
[PlyCount "152"]
[WhiteFideId "12995444"]
[BlackFideId "16208617"]
[EventCountry "GER"]
[EventRounds "7"]
[EventType "team-swiss"]
[EventDate "2016.09.30"]

1. e4 c5 2. Nf3 e6 3. d4 cxd4 4. Nxd4 Nf6 5. Nc3 Nc6 6. Ndb5 Bb4 7. a3 Bxc3+ 8.
Nxc3 d5 9. exd5 exd5 10. Bd3 O-O 11. O-O Re8 12. Bg5 Be6 13. Qf3 Ne5 14. Qd1
Nc6 15. Bb5 a6 16. Be2 Qe7 17. Bf3 Rad8 18. Re1 d4 19. Ne4 Kh8 20. Nxf6 gxf6
21. Bh4 Rg8 22. Re4 Rd6 23. Qd2 Qd8 24. Qf4 Bd5 25. Ree1 Bxf3 26. Qxf3 b5 27.
Re4 Rg6 28. Rae1 Rg8 29. Rf4 Rg6 30. Rfe4 Rg8 31. h3 a5 32. Rd1 Rg6 33. Rde1
Rg8 34. Rf4 Rg6 35. Ree4 Kg7 36. Rg4 Qf8 37. Bg3 Rd8 38. Qf5 b4 39. axb4 axb4
40. Qb5 Rc8 41. Qd5 Qd8 42. Qxd8 Rxd8 43. Rgf4 Ra8 44. Rf3 Ra1+ 45. Kh2 Rc1 46.
Re2 Rb1 47. Rb3 Rg5 48. Bd6 Rb5 49. Kg3 Kg6 50. Kf4 Rg1 51. g3 Rh1 52. h4 Rd1
53. Ke4 f5+ 54. Kf4 Kf6 55. Bf8 Rb7 56. Bd6 Rb5 57. Bf8 Rb8 58. Bd6 Rb5 59. Bf8
Rb8 60. Bh6 Rb5 61. Bg5+ Kg6 62. Kf3 d3 63. Rxd3 Rxd3+ 64. cxd3 Nd4+ 65. Ke3
Nxe2 66. Kxe2 Rc5 67. Kd1 b3 68. Bd2 Rc2 69. Bc3 Rxf2 70. Kc1 Rf3 71. Be5 Rxd3
72. Bf4 Kh5 73. Be5 Kg4 74. Bf4 Kf3 75. Be5 Ke2 76. Bf4 Rd1# 0-1

[Event "Deutsche Ländermeisterschaft 2016"]
[Site "Hannover GER"]
[Date "2016.10.04"]
[Round "6"]
[White "Müller, Nick"]
[Black "Schmidek, Emil"]
[Result "1-0"]
[Termination "normal"]
[Board "6.1"]
[WhiteElo "2197"]
[BlackElo "2247"]
[WhiteTeam "Mecklenburg-Vorpommern"]
[BlackTeam "Berlin"]
[PlyCount "95"]
[WhiteFideId "24692093"]
[BlackFideId "12908150"]
[EventCountry "GER"]
[EventRounds "7"]
[EventType "team-swiss"]
[EventDate "2016.09.30"]

1. e4 e5 2. Nf3 Nc6 3. Bc4 Nf6 4. d3 Be7 5. O-O O-O 6. Re1 d6 7. a4 Kh8 8. Nc3
Ng8 9. Nd5 f5 10. h3 Nf6 11. a5 a6 12. c3 Rb8 13. b4 Nxd5 14. exd5 Na7 15. Bb3
Bf6 16. Bb2 Qe8 17. Nd4 Qg6 18. Ne6 Bxe6 19. dxe6 Nc6 20. Ba4 Bh4 21. d4 e4 22.
Bb3 Rbd8 23. Bd5 Ne7 24. Bxb7 Rb8 25. Bxa6 Nd5 26. Bc1 Nxc3 27. Qb3 e3 28. Bxe3
f4 29. e7 fxe3 30. exf8=Q+ Rxf8 31. fxe3 Bf2+ 32. Kh1 Ne4 33. Bb7 Ng3+ 34. Kh2
Bxe1 35. Rxe1 Nf5 36. e4 Nxd4 37. Qg3 Qh6 38. a6 Nb5 39. e5 dxe5 40. Rxe5 Nd6
41. Bf3 Nc4 42. Re7 Nd2 43. Be2 Qf6 44. Qe5 Qg6 45. a7 h6 46. Bd3 Qd6 47. Qxd6
cxd6 48. Rb7 1-0

[Event "Deutsche Ländermeisterschaft 2016"]
[Site "Hannover GER"]
[Date "2016.10.04"]
[Round "6"]
[White "Schnabel, Bennett"]
[Black "Schmekel, Florian"]
[Result "1/2-1/2"]
[Termination "normal"]
[Board "6.2"]
[WhiteElo "1948"]
[BlackElo "1994"]
[WhiteTeam "Berlin"]
[BlackTeam "Mecklenburg-Vorpommern"]
[PlyCount "57"]
[WhiteFideId "12943290"]
[BlackFideId "12913456"]
[EventCountry "GER"]
[EventRounds "7"]
[EventType "team-swiss"]
[EventDate "2016.09.30"]

1. e4 c5 2. c3 d5 3. exd5 Qxd5 4. d4 Nc6 5. Nf3 Bg4 6. dxc5 Qxc5 7. Be3 Qa5 8.
Nbd2 e6 9. Qb3 Qc7 10. Qa4 Nf6 11. Bf4 Bd6 12. Bxd6 Qxd6 13. Bb5 O-O 14. Bxc6
bxc6 15. O-O Qc7 16. Rfe1 Rfd8 17. b3 Rd3 18. Ne5 Rxd2 19. Nxg4 Nxg4 20. Qxg4
Rad8 21. h4 Qa5 22. Re3 h5 23. Qf4 Rxa2 24. Rxa2 Qxa2 25. Rf3 Rf8 26. Rg3 g6
27. Qe4 Qxb3 28. Rxg6+ fxg6 29. Qxg6+ 1/2-1/2

[Event "Deutsche Ländermeisterschaft 2016"]
[Site "Hannover GER"]
[Date "2016.10.04"]
[Round "6"]
[White "Lange, Jannis"]
[Black "Hesse, Henrik"]
[Result "1/2-1/2"]
[Termination "normal"]
[Board "6.3"]
[WhiteElo "1849"]
[BlackElo "1975"]
[WhiteTeam "Mecklenburg-Vorpommern"]
[BlackTeam "Berlin"]
[PlyCount "132"]
[WhiteFideId "12993107"]
[BlackFideId "12952060"]
[EventCountry "GER"]
[EventRounds "7"]
[EventType "team-swiss"]
[EventDate "2016.09.30"]

1. Nf3 Nf6 2. g3 d5 3. Bg2 e6 4. O-O Be7 5. d3 O-O 6. Nbd2 c5 7. e4 Nc6 8. Re1
dxe4 9. dxe4 e5 10. Qe2 Qc7 11. Nf1 Nd4 12. Nxd4 cxd4 13. Bg5 Be6 14. Bxf6 Bxf6
15. c3 dxc3 16. Rac1 Qa5 17. Rxc3 Qxa2 18. Ne3 Qa5 19. Nd5 Bxd5 20. exd5 e4 21.
Rc2 Qxd5 22. Bxe4 Qa5 23. Rec1 Qb6 24. Rc7 Qxb2 25. Qxb2 Bxb2 26. Rb1 Be5 27.
Rcxb7 Rfb8 28. Bd5 Rf8 29. Rxf7 Rxf7 30. Bxa8 Rf8 31. Bd5+ Kh8 32. f4 Bd4+ 33.
Kg2 a5 34. Rb5 Bc3 35. Bb3 g6 36. Rc5 Bb4 37. Rc2 Rd8 38. Ba4 Kg8 39. Bb5 Rb8
40. Ba4 Be7 41. Kf3 Rb4 42. Ra2 Bc5 43. Bc6 Bb6 44. Ke2 Kf7 45. Rd2 Bd4 46. Ra2
Bb6 47. Rd2 Ke6 48. Bd7+ Kf6 49. Bc6 Bc5 50. Ra2 Rb6 51. Bd7 Bb4 52. Kf3 Rd6
53. Bb5 Rd5 54. Ba4 h5 55. Ke4 Rc5 56. Rc2 Bc3 57. Kd3 Bb4 58. Rxc5 Bxc5 59.
Ke4 Ke6 60. Bd1 Bf2 61. Bc2 Kf6 62. Kf3 Be1 63. Ke4 h4 64. Kf3 hxg3 65. hxg3
Bc3 66. g4 g5 1/2-1/2

[Event "Deutsche Ländermeisterschaft 2016"]
[Site "Hannover GER"]
[Date "2016.10.04"]
[Round "6"]
[White "Rosenhain, Rachela"]
[Black "Schumann, Rabea"]
[Result "1/2-1/2"]
[Termination "normal"]
[Board "6.4"]
[WhiteElo "1843"]
[BlackElo "1857"]
[WhiteTeam "Berlin"]
[BlackTeam "Mecklenburg-Vorpommern"]
[PlyCount "150"]
[WhiteFideId "12957615"]
[BlackFideId "12918199"]
[EventCountry "GER"]
[EventRounds "7"]
[EventType "team-swiss"]
[EventDate "2016.09.30"]

1. e4 c6 2. Nc3 d5 3. Nf3 Bg4 4. d3 e6 5. h3 Bxf3 6. Qxf3 Nf6 7. Bf4 Be7 8. e5
Nfd7 9. Qg3 g5 10. Bd2 Qc7 11. d4 Qb6 12. O-O-O Qxd4 13. f4 gxf4 14. Bxf4 Qb4
15. a3 Qa5 16. Qg7 Rf8 17. Nb1 Na6 18. Qxh7 O-O-O 19. Bxa6 Qxa6 20. Qd3 Qxd3
21. cxd3 Rg8 22. g4 Bg5 23. Bxg5 Rxg5 24. d4 c5 25. Nd2 cxd4 26. Nf3 Rg7 27.
Rxd4 Nc5 28. Kb1 Kd7 29. g5 Ne4 30. Rg1 Rc8 31. h4 b5 32. a4 bxa4 33. Rxa4 Rc7
34. Rc1 Rxc1+ 35. Kxc1 Kc6 36. Rxa7 Kc5 37. Rc7+ Kb6 38. Rc2 Ng3 39. Rg2 Nh5
40. Nh2 Nf4 41. Rd2 Kb5 42. Kc2 Kc4 43. b3+ Kc5 44. Rf2 Ng6 45. Nf3 Nf4 46. Kc3
Rh7 47. b4+ Kb6 48. Kd2 Ng6 49. Rh2 Kb5 50. h5 Nf4 51. Rh4 Nxh5 52. Ke3 Ka4 53.
Nd4 Nf6 54. Rxh7 Nxh7 55. Nxe6 Kxb4 56. Kf4 fxe6 57. g6 Nf8 58. g7 Ng6+ 59. Kg5
Ne7 60. Kf6 Ng8+ 61. Kxe6 d4 62. Kf7 Nh6+ 63. Kf8 d3 64. e6 d2 65. e7 d1=Q 66.
e8=Q Qf3+ 67. Ke7 Nf5+ 68. Kd8 Qa8+ 69. Kd7 Qb7+ 70. Kd8 Qb8+ 71. Kd7 Qd6+ 72.
Kc8 Qa6+ 73. Kd7 Qb5+ 74. Kd8 Qxe8+ 75. Kxe8 Nxg7+ 1/2-1/2

[Event "Deutsche Ländermeisterschaft 2016"]
[Site "Hannover GER"]
[Date "2016.10.04"]
[Round "6"]
[White "Focke, Adrian"]
[Black "Denkert, Anna"]
[Result "1-0"]
[Termination "normal"]
[Board "6.5"]
[WhiteElo "1739"]
[BlackElo "1765"]
[WhiteTeam "Mecklenburg-Vorpommern"]
[BlackTeam "Berlin"]
[PlyCount "55"]
[WhiteFideId "12969869"]
[BlackFideId "12938122"]
[EventCountry "GER"]
[EventRounds "7"]
[EventType "team-swiss"]
[EventDate "2016.09.30"]

1. e4 c6 2. d4 d5 3. Nc3 dxe4 4. Nxe4 Bf5 5. Ng3 Bg6 6. N1e2 e6 7. Nf4 Nf6 8.
h4 c5 9. Be3 cxd4 10. Bxd4 Bxc2 11. Bb5+ Nbd7 12. Bxf6 Bb4+ 13. Kf1 Bxd1 14.
Bxd8 Bc2 15. Rc1 a6 16. Bxd7+ Kxd7 17. Rxc2 Rhxd8 18. Ke2 Rac8 19. Rhc1 Rxc2+
20. Rxc2 Ba5 21. Nd3 Ke7 22. Ne4 Rd4 23. Nec5 Rxh4 24. Nxb7 Bb6 25. Rc6 Bd4 26.
Rc4 Kf6 27. g3 Rg4 28. f3 1-0

[Event "Deutsche Ländermeisterschaft 2016"]
[Site "Hannover GER"]
[Date "2016.10.04"]
[Round "6"]
[White "Tham, Nam"]
[Black "Troyke, Jannis"]
[Result "0-1"]
[Termination "normal"]
[Board "6.6"]
[WhiteElo "1650"]
[BlackElo "1726"]
[WhiteTeam "Berlin"]
[BlackTeam "Mecklenburg-Vorpommern"]
[PlyCount "138"]
[WhiteFideId "12997331"]
[BlackFideId "12993115"]
[EventCountry "GER"]
[EventRounds "7"]
[EventType "team-swiss"]
[EventDate "2016.09.30"]

1. e4 c5 2. Nf3 d6 3. d4 cxd4 4. c3 Nf6 5. Bd3 dxc3 6. Nxc3 g6 7. O-O Bg7 8.
Qe2 Nc6 9. Rd1 Bg4 10. Bc4 O-O 11. h3 Bxf3 12. gxf3 Qc7 13. Nb5 Qd7 14. Kg2 a6
15. Nc3 Qc7 16. Bf4 Nh5 17. Bh2 Bxc3 18. bxc3 Rac8 19. Bb3 Nf6 20. Rac1 Rfd8
21. Qc4 e6 22. e5 dxe5 23. Rxd8+ Qxd8 24. Rd1 Qc7 25. Qh4 Kg7 26. Re1 Rd8 27.
Qg5 h6 28. Qe3 Nd7 29. f4 Qb6 30. fxe5 Qxe3 31. Rxe3 Nc5 32. Kf3 g5 33. Ke2 Kg6
34. Bc2+ Kg7 35. Bb3 Na5 36. c4 Rd4 37. Rc3 Nd7 38. Ke3 Nxb3 39. axb3 Rd1 40.
Ke2 Rh1 41. Bg3 Rxh3 42. Rc1 h5 43. Kf3 h4 44. Kg4 Rxg3+ 45. fxg3 Nxe5+ 46. Kh3
hxg3 47. Kxg3 f5 48. Rd1 f4+ 49. Kf2 Kf6 50. Rd8 Nc6 51. Rf8+ Kg7 52. Re8 Kf7
53. Rh8 Kg7 54. Re8 Kf6 55. Rf8+ Ke5 56. Rg8 Kf5 57. Rf8+ Kg4 58. Re8 e5 59.
Re6 Kf5 60. Re8 e4 61. Rf8+ Kg4 62. Re8 e3+ 63. Kg2 f3+ 64. Kf1 Kf4 65. Rf8+
Kg3 66. Re8 e2+ 67. Ke1 Kg2 68. Rf8 Ne5 69. Kd2 Kf2 0-1

[Event "Deutsche Ländermeisterschaft 2016"]
[Site "Hannover GER"]
[Date "2016.10.04"]
[Round "6"]
[White "Eulitz, Charlotte"]
[Black "Schnabel, Luise"]
[Result "0-1"]
[Termination "normal"]
[Board "6.7"]
[WhiteElo "1465"]
[BlackElo "1615"]
[WhiteTeam "Mecklenburg-Vorpommern"]
[BlackTeam "Berlin"]
[PlyCount "122"]
[WhiteFideId "12964654"]
[BlackFideId "12943347"]
[EventCountry "GER"]
[EventRounds "7"]
[EventType "team-swiss"]
[EventDate "2016.09.30"]

1. e4 c5 2. Nf3 d6 3. d4 cxd4 4. Nxd4 Nf6 5. Nc3 a6 6. Be3 e6 7. Qd2 b5 8. f3
Bb7 9. O-O-O Nbd7 10. Bd3 Be7 11. g4 Nb6 12. g5 Nfd7 13. Kb1 Ne5 14. Qg2 Rc8
15. f4 Nec4 16. Bc1 Qc7 17. Rhe1 Qb8 18. Qf2 d5 19. exd5 Nxd5 20. Nxd5 Bxd5 21.
b3 Nb6 22. Bb2 Kf8 23. h4 Qd6 24. Qe3 Nd7 25. g6 hxg6 26. Re2 Bf6 27. Rh2 b4
28. Rdd2 Nc5 29. Kc1 Re8 30. Rde2 Nxd3+ 31. Qxd3 Qxf4+ 32. Kb1 Qd6 33. Nf3 Bxb2
34. Kxb2 Qc6 35. Ne5 Qc3+ 36. Qxc3 bxc3+ 37. Kxc3 Ke7 38. Nd3 Kd6 39. Nb4 a5
40. Nd3 Re7 41. Nf4 e5 42. Nd3 Rh5 43. Nb2 Rc7+ 44. Kd3 Rc8 45. c4 Bb7 46. Rh3
Rch8 47. Rf2 Bc8 48. Rh1 Bf5+ 49. Kc3 Rxh4 50. Rd2+ Ke6 51. Rxh4 Rxh4 52. Rd5
Rh3+ 53. Kd2 Rh2+ 54. Kc1 Rc2+ 55. Kd1 Rxb2 56. Rxa5 e4 57. Ra6+ Ke5 58. Ra5+
Kf4 59. c5 e3 60. Ra8 Bd3 61. Ra4+ Kf3 0-1

[Event "Deutsche Ländermeisterschaft 2016"]
[Site "Hannover GER"]
[Date "2016.10.04"]
[Round "6"]
[White "Tham, Minh"]
[Black "Wucherer, Sophie"]
[Result "1-0"]
[Termination "normal"]
[Board "6.8"]
[WhiteElo "1681"]
[BlackElo "1213"]
[WhiteTeam "Berlin"]
[BlackTeam "Mecklenburg-Vorpommern"]
[PlyCount "129"]
[WhiteFideId "12997323"]
[BlackFideId "16225473"]
[EventCountry "GER"]
[EventRounds "7"]
[EventType "team-swiss"]
[EventDate "2016.09.30"]

1. e4 e6 2. d4 d5 3. exd5 exd5 4. Nf3 Nf6 5. Bd3 Bg4 6. h3 Bh5 7. Bg5 Nbd7 8.
O-O Be7 9. Re1 O-O 10. Nbd2 Re8 11. c3 h6 12. Bh4 c6 13. Qc2 Bxf3 14. Nxf3 Qc7
15. Qb3 Bd6 16. Bxf6 Nxf6 17. c4 Rab8 18. Rac1 Qd7 19. cxd5 cxd5 20. Rxe8+ Rxe8
21. Bb5 Rc8 22. Re1 Qc7 23. Rd1 Qc2 24. Bd3 Qxb3 25. axb3 Bf4 26. Re1 Rc1 27.
Bb1 Rxe1+ 28. Nxe1 Kf8 29. Kf1 Ke7 30. Ke2 Bd6 31. Nd3 Ne4 32. Ke3 a5 33. Ne5
Nf6 34. g4 Nd7 35. f4 f6 36. Ng6+ Kf7 37. f5 Nb6 38. Nf4 Bxf4+ 39. Kxf4 Ke7 40.
Bd3 Kf7 41. h4 Ke7 42. Be2 Kd6 43. g5 hxg5+ 44. hxg5 Ke7 45. Bf3 Kf7 46. Kg4 g6
47. fxg6+ Kxg6 48. gxf6 Kxf6 49. Kf4 Ke6 50. Kg5 Ke7 51. Kf5 Kd6 52. Kf6 a4 53.
Bd1 axb3 54. Bxb3 Nc4 55. Kf5 b5 56. Kf4 b4 57. Bxc4 dxc4 58. Ke4 c3 59. bxc3
b3 60. Kd3 b2 61. Kc2 b1=Q+ 62. Kxb1 Kd5 63. Kb2 Kc4 64. Kc2 Kd5 65. Kd3 1-0

[Event "Deutsche Ländermeisterschaft 2016"]
[Site "Hannover GER"]
[Date "2016.10.04"]
[Round "6"]
[White "Schröder, Kevin"]
[Black "Pfreundt, Jakob"]
[Result "1/2-1/2"]
[Termination "normal"]
[Board "7.1"]
[WhiteTitle "FM"]
[WhiteElo "2266"]
[BlackElo "2269"]
[WhiteTeam "Nordrhein-Westfalen"]
[BlackTeam "Hamburg"]
[PlyCount "47"]
[WhiteFideId "12929840"]
[BlackFideId "12918156"]
[EventCountry "GER"]
[EventRounds "7"]
[EventType "team-swiss"]
[EventDate "2016.09.30"]

1. d4 Nf6 2. c4 e6 3. Nf3 d5 4. Nc3 Be7 5. Bf4 O-O 6. e3 Nbd7 7. a3 c5 8. cxd5
Nxd5 9. Nxd5 exd5 10. dxc5 Nxc5 11. Be2 Bg4 12. Be5 Bxf3 13. Bxf3 Bf6 14. Bxf6
Qxf6 15. Rb1 Rad8 16. Qe2 b6 17. O-O d4 18. exd4 Rxd4 19. Rbd1 Ne6 20. Bd5 Rxd1
21. Rxd1 Rd8 22. g3 g6 23. Kg2 Kg7 24. Bxe6 1/2-1/2

[Event "Deutsche Ländermeisterschaft 2016"]
[Site "Hannover GER"]
[Date "2016.10.04"]
[Round "6"]
[White "Ravina, David"]
[Black "Holtel, Jasper"]
[Result "0-1"]
[Termination "normal"]
[Board "7.2"]
[BlackTitle "FM"]
[WhiteElo "2163"]
[BlackElo "2194"]
[WhiteTeam "Hamburg"]
[BlackTeam "Nordrhein-Westfalen"]
[PlyCount "88"]
[WhiteFideId "12921858"]
[BlackFideId "12956376"]
[EventCountry "GER"]
[EventRounds "7"]
[EventType "team-swiss"]
[EventDate "2016.09.30"]

1. e4 c5 2. Nf3 d6 3. c3 Nf6 4. Bd3 Nc6 5. Bc2 Bg4 6. d3 e6 7. Nbd2 d5 8. Qe2
Be7 9. a4 O-O 10. O-O a6 11. Rd1 b5 12. h3 Bh5 13. Nf1 b4 14. Ng3 Bxf3 15. Qxf3
bxc3 16. bxc3 d4 17. c4 Rb8 18. Qe2 Nd7 19. f4 Bd6 20. Rf1 Qh4 21. Qf3 Bc7 22.
Ba3 Ba5 23. e5 Ne7 24. Ne4 Bb4 25. Bc1 a5 26. Kh2 Nf5 27. g4 Ne7 28. Rg1 f6 29.
exf6 Nxf6 30. g5 Nxe4 31. dxe4 Ng6 32. f5 Ne5 33. Qf1 Bc3 34. Ra2 d3 35. Bxd3
Bd4 36. Rg3 Nxd3 37. Qxd3 Be5 38. Rag2 Rbd8 39. Qe2 exf5 40. exf5 Rxf5 41. g6
hxg6 42. Bb2 Bxg3+ 43. Rxg3 Qf4 44. Qe6+ Rf7 0-1

[Event "Deutsche Ländermeisterschaft 2016"]
[Site "Hannover GER"]
[Date "2016.10.04"]
[Round "6"]
[White "Browning, Alex"]
[Black "Rogozenco, Teodora"]
[Result "1/2-1/2"]
[Termination "normal"]
[Board "7.3"]
[BlackTitle "WFM"]
[WhiteElo "2100"]
[BlackElo "2027"]
[WhiteTeam "Nordrhein-Westfalen"]
[BlackTeam "Hamburg"]
[PlyCount "85"]
[WhiteFideId "12984019"]
[BlackFideId "12938084"]
[EventCountry "GER"]
[EventRounds "7"]
[EventType "team-swiss"]
[EventDate "2016.09.30"]

1. e4 e5 2. Nf3 Nc6 3. Bb5 a6 4. Ba4 Nf6 5. O-O Nxe4 6. d4 b5 7. Bb3 d5 8. dxe5
Be6 9. c3 Be7 10. Nbd2 Nc5 11. Bc2 Bg4 12. h3 Bh5 13. Qe1 Bg6 14. Bxg6 hxg6 15.
Nb3 Qd7 16. Nxc5 Bxc5 17. Ng5 Nd8 18. Be3 Be7 19. Rd1 Ne6 20. Nxe6 Qxe6 21. Qd2
Rd8 22. f4 O-O 23. b4 g5 24. Bd4 gxf4 25. Qxf4 a5 26. a3 Ra8 27. Qg3 Rfc8 28.
Kh1 axb4 29. axb4 Ra6 30. Rde1 Qg6 31. Qf3 Rd8 32. Re2 Re6 33. Ref2 f6 34. Re2
fxe5 35. Rxe5 Rxe5 36. Bxe5 c6 37. Qe3 Rf8 38. Rf3 Rxf3 39. Qxf3 Qe6 40. Qf4
Qf7 41. Qg4 Bf8 42. Kh2 Qe8 43. Qg3 1/2-1/2

[Event "Deutsche Ländermeisterschaft 2016"]
[Site "Hannover GER"]
[Date "2016.10.04"]
[Round "6"]
[White "Runte, Moritz"]
[Black "Pfreundt, Mathis"]
[Result "0-1"]
[Termination "normal"]
[Board "7.5"]
[WhiteElo "1860"]
[BlackElo "1860"]
[WhiteTeam "Nordrhein-Westfalen"]
[BlackTeam "Hamburg"]
[PlyCount "108"]
[WhiteFideId "12991449"]
[BlackFideId "12967092"]
[EventCountry "GER"]
[EventRounds "7"]
[EventType "team-swiss"]
[EventDate "2016.09.30"]

1. e4 c5 2. Nf3 Nc6 3. d4 cxd4 4. Nxd4 g6 5. Nc3 Bg7 6. Be3 Nf6 7. Bc4 Qa5 8.
O-O O-O 9. Nb3 Qc7 10. Bg5 h6 11. Bxf6 Bxf6 12. Nd5 Qe5 13. Nxf6+ Qxf6 14. c3
d6 15. Bd5 Be6 16. Qd2 Kg7 17. f4 Bxd5 18. exd5 Nb8 19. Rae1 Nd7 20. g4 Rfe8
21. g5 Qf5 22. gxh6+ Kh7 23. Rf3 Nf6 24. c4 b5 25. Nd4 Qh5 26. f5 bxc4 27.
fxg6+ fxg6 28. Ne6 Qxd5 29. Qxd5 Nxd5 30. Rf7+ Kxh6 31. Re4 g5 32. Rf5 Nf4 33.
h4 Nxe6 34. Rxe6+ Kg7 35. hxg5 Rab8 36. g6 Rxb2 37. Rf7+ Kg8 38. Re3 d5 39. Rh3
Rb6 40. Rfh7 Rxg6+ 41. Kh2 Rf8 42. Rh8+ Kf7 43. R8h7+ Ke8 44. Re3 Rf7 45. Rh8+
Kd7 46. Ra3 a6 47. Rh5 Rd6 48. Kg2 e6 49. Rh8 Kc7 50. Rg3 d4 51. Rgg8 Kc6 52.
Ra8 Kd5 53. Rac8 Rf5 54. Rh4 e5 0-1

[Event "Deutsche Ländermeisterschaft 2016"]
[Site "Hannover GER"]
[Date "2016.10.04"]
[Round "6"]
[White "Popist, Florian"]
[Black "Möller, Lisa-Marie"]
[Result "1-0"]
[Termination "normal"]
[Board "7.6"]
[WhiteElo "1736"]
[BlackElo "1697"]
[WhiteTeam "Hamburg"]
[BlackTeam "Nordrhein-Westfalen"]
[PlyCount "94"]
[WhiteFideId "16203518"]
[BlackFideId "12959367"]
[EventCountry "GER"]
[EventRounds "7"]
[EventType "team-swiss"]
[EventDate "2016.09.30"]

1. e4 c5 2. Nf3 e6 3. d4 cxd4 4. Nxd4 a6 5. c4 Nf6 6. Bd3 Nc6 7. Be3 Bb4+ 8.
Nd2 Ne5 9. Qb3 Nxd3+ 10. Qxd3 Qc7 11. f3 O-O 12. O-O Bd6 13. g3 h5 14. Ne2 h4
15. Bf4 Bxf4 16. Nxf4 Qc5+ 17. Kg2 Qg5 18. b4 g6 19. c5 Kg7 20. Rh1 Rh8 21. Nc4
Ne8 22. Nd6 a5 23. Nxe8+ Rxe8 24. Qc3+ Qf6 25. e5 Qd8 26. b5 b6 27. Rhd1 bxc5
28. Qxc5 Rb8 29. Rab1 hxg3 30. hxg3 Qb6 31. Qxb6 Rxb6 32. a4 f6 33. Rd6 Rxd6
34. exd6 Bb7 35. Rc1 Rc8 36. Rxc8 Bxc8 37. Nd3 Kf7 38. Nc5 e5 39. b6 f5 40. Kf2
f4 41. g4 g5 42. Ke2 Kf6 43. Kd3 Kf7 44. Ke4 Kf6 45. Kd5 Bb7+ 46. Nxb7 e4 47.
Kxe4 Ke6 1-0

[Event "Deutsche Ländermeisterschaft 2016"]
[Site "Hannover GER"]
[Date "2016.10.04"]
[Round "6"]
[White "Müdder, Melanie"]
[Black "Shirov-Michna, Masza"]
[Result "1-0"]
[Termination "normal"]
[Board "7.7"]
[WhiteElo "1565"]
[BlackElo "1372"]
[WhiteTeam "Nordrhein-Westfalen"]
[BlackTeam "Hamburg"]
[PlyCount "83"]
[WhiteFideId "12994103"]
[BlackFideId "12921998"]
[EventCountry "GER"]
[EventRounds "7"]
[EventType "team-swiss"]
[EventDate "2016.09.30"]

1. e4 e6 2. d4 d5 3. Nd2 Be7 4. Ngf3 Nf6 5. Bd3 c5 6. c3 O-O 7. O-O a5 8. exd5
exd5 9. dxc5 Nbd7 10. b4 axb4 11. cxb4 Nb8 12. Bb2 b6 13. cxb6 Qxb6 14. a3 Bg4
15. Qb3 Rd8 16. Bd4 Qc7 17. Rfc1 Qd7 18. Ne5 Qe6 19. Re1 Re8 20. Bb5 Na6 21.
Bxe8 Rxe8 22. Nxg4 Qxg4 23. Bxf6 gxf6 24. Qxd5 Kf8 25. Qb7 Qd4 26. Nf3 Qc4 27.
Rac1 Qd3 28. Rc8 Rxc8 29. Qxc8+ Bd8 30. b5 Nc7 31. b6 Na6 32. b7 Qd6 33. h3 Nb8
34. a4 Kg7 35. Re8 Bc7 36. Rg8+ Kh6 37. Qf8+ Qxf8 38. Rxf8 Kg7 39. Rc8 Bd6 40.
Nd4 Be5 41. Nc6 Nd7 42. b8=Q 1-0

[Event "Deutsche Ländermeisterschaft 2016"]
[Site "Hannover GER"]
[Date "2016.10.04"]
[Round "6"]
[White "Kieckbusch, Lotta"]
[Black "Rudolph, Eva"]
[Result "0-1"]
[Termination "normal"]
[Board "7.8"]
[WhiteElo "1286"]
[BlackElo "1568"]
[WhiteTeam "Hamburg"]
[BlackTeam "Nordrhein-Westfalen"]
[PlyCount "28"]
[WhiteFideId "16214390"]
[BlackFideId "16200594"]
[EventCountry "GER"]
[EventRounds "7"]
[EventType "team-swiss"]
[EventDate "2016.09.30"]

1. e4 e5 2. Bc4 Nf6 3. d3 Bc5 4. Nc3 d6 5. f4 Nc6 6. Nf3 Bg4 7. h3 Bxf3 8. gxf3
Nh5 9. f5 Qh4+ 10. Kd2 Nd4 11. a3 Qf2+ 12. Ne2 Qxe2+ 13. Kc3 Qxd1 14. Rxd1 Nxf3
0-1

[Event "Deutsche Ländermeisterschaft 2016"]
[Site "Hannover GER"]
[Date "2016.10.04"]
[Round "6"]
[White "Vöge, Tobias"]
[Black "Müller, Max"]
[Result "1/2-1/2"]
[Termination "normal"]
[Board "8.1"]
[WhiteTitle "FM"]
[WhiteElo "2289"]
[BlackElo "2044"]
[WhiteTeam "Niedersachsen 1"]
[BlackTeam "SG Saarland / Rheinland-Pfalz"]
[PlyCount "52"]
[WhiteFideId "1270513"]
[BlackFideId "12900486"]
[EventCountry "GER"]
[EventRounds "7"]
[EventType "team-swiss"]
[EventDate "2016.09.30"]

1. c4 g6 2. Nc3 c5 3. g3 Bg7 4. Bg2 Nc6 5. Nf3 e6 6. d3 Nge7 7. Bg5 h6 8. Bd2
O-O 9. Qc1 Kh7 10. Ne4 d6 11. h4 f5 12. h5 g5 13. Nc3 a6 14. Rb1 Rb8 15. Nd1 b5
16. b3 b4 17. Qc2 e5 18. Bc1 Qe8 19. Nh2 Bb7 20. f3 Nd4 21. Qd2 Ng8 22. g4 fxg4
23. Nxg4 Nf6 24. Nxf6+ Rxf6 25. Nf2 Qe7 26. Bb2 Rf7 1/2-1/2